000 00291nam a22001337a 4500
008 210429b ||||| |||| 00| 0 eng d
041 _aeng
080 _a33
082 _a33
100 _a58
101 _aBIZ
245 _aBusiness Communication for Success
_cLean,S.M
942 _2udc
_cBK
999 _c56980
_d56980